| 000 | | | 04409nac2a22002893x 450 |
| 001 | | | e9b8fdc5-3cf9-4e81-a7ef-48f79e8f5d85 |
| 005 | | | 20230718232533.0 |
| 100 | ## | $a | 20230613l1929 k y0rusy50 ca |
| 101 | 0# | $a | rus |
| 102 | ## | $a | RU |
| 105 | ## | $a | y z ||||| |
| 122 | 0# | $a | d19291130 |
| 200 | 1# | $a | Благодарность Президиума ЦИК СССР рабочим, техническому и инженерному персоналу строительства моста через Днепр |
| | $j | Ноябрь 1929 |
| 215 | ## | $a | 6 листов |
| | $d | 36,7 х 23,2 |
| 251 | ## | $c | Дело |
| 300 | ## | $a | Заголовок дела на папке: Благодарность Президиума ЦИК Союза ССР рабочим, техническому и инженерному персоналу строительства моста через Днепр |
| 300 | ## | $a | В деле обратная нумерация |
| 300 | ## | $a | В деле имеются телеграммы |
| 300 | ## | $a | Часть текста машинописная с рукописными пометками, часть - напечатана типографским способом |
| 461 | #0 | $1 | 001796d4672-8a00-4986-b488-6e42273792cc |
| | $1 | 2001 |
| | $a | ЦЕНТРАЛЬНЫЙ ИСПОЛНИТЕЛЬНЫЙ КОМИТЕТ СССР (ЦИК СССР). |
| | $1 | 251 |
| | $c | Фонд |
| | $1 | 852 |
| | $g | Р |
| | $j | 3316 |
| 462 | #0 | $1 | 0016e6e8ba4-e15f-4ad4-8937-f1e88c150bfe |
| | $1 | 2001 |
| | $a | Дела Секретариата Президиума ЦИК Союза ССР. 1929 г. |
| | $v | Д. 586 |
| | $1 | 251 |
| | $c | Опись |
| | $1 | 852 |
| | $j | 22 |
| 517 | 1# | $a | Благодарность Президиума ЦИК Союза ССР рабочим, техническому и инженерному персоналу строительства моста через Днепр |
| 601 | 01 | $3 | RU\NLR\AUTH\880357276 |
| | $a | СССР |
| | $b | ЦИК |
| 601 | 01 | $3 | RU\NLR\AUTH\880398220 |
| | $a | СССР |
| | $b | Центральный исполнительный комитет |
| | $b | Президиум |
| 801 | #0 | $a | RU |
| | $b | GA_RF |
| 801 | #1 | $a | RU |
| | $b | ГлавНИВЦ |
| | $c | 20230613 |
| | $2 | rusmarc |
| 801 | #2 | $a | RU |
| | $b | ПБ им. Б.Н. Ельцина |
| | $c | 20230718 |
| | $g | RCR |
| | $2 | rusmarc |
| 852 | ## | $a | ГА РФ |
| | $j | 586 |
| 937 | ## | $d | 186623608 |
| | $h | ГАРФ |
| 035 | ## | $a | RuPRLIB51072537 |
| 856 | ## | $u | http://readingroom.main.prlib.ru/item.aspx?id_node=n186623608&mode=full |